| 000 | 01092nam a22003137a 4500 | ||
|---|---|---|---|
| 003 | CHAP | ||
| 005 | 20220329134539.0 | ||
| 008 | 971013s1959 r 00010 d | ||
| 010 | _a21968 | ||
| 011 | _a22940 | ||
| 035 | _a27035 | ||
| 040 | _cCHAP | ||
| 082 |
_a632 _bA88 1959 |
||
| 110 |
_aAssociation de Coordination Technique Agricole. Paris _98147 |
||
| 245 | _aGuide practique de lutte contre les ennemis des cultures, a l'usage des producteurs de betteraves, céréales, lin, oléagineux et pommes de terre | ||
| 250 | _a2 ed. | ||
| 260 |
_aParis : _bFonds National de Progrés Agricole, _c1959 |
||
| 300 |
_a177 p. _b: ilus |
||
| 590 |
_aBATCH-UPD _b10 _c20130110 _lUCH01 _h1745 |
||
| 590 |
_aBATCH-UPD _b10 _c20130410 _lUCH01 _h1124 |
||
| 590 |
_aBATCH-UPD _b10 _c20130914 _lUCH01 _h1117 |
||
| 590 |
_aCONVERSION _b10 _c20130109 _lUCH01 _h1313 |
||
| 650 | 1 | 4 |
_aCultivos _xEnfermedades. _930262 |
| 650 | 1 | 4 |
_aCultivos _xPlagas. _930305 |
| 650 | 1 | 4 |
_aFitopatología. _941161 |
| 901 | _aBK | ||
| 942 | _cLIBRO | ||
| 949 |
_a632 A88 1959 _bBC _cLIBRO _d33724000174223 _eLIBRO _h22339 _i27035 _si |
||
| 999 |
_c21968 _d21968 |
||